Karpatskonitrianske lesy orgán závodnej rady ROH Čs. štátnych lesov n. p., kraj Bratislava - Nitra

Bibliographic Details
New Title:Karpatský drevorubač
Format: Journal
Language:Slovak
PhysicalDescription:2 zv. 30 cm
Published: Bratislava ZR ROH Krajský inspektorát ČSŠL 1951-1952
Bratislava ZR ROH Západoslovenského lesného priemyslu
Pezinok
Subjects:

MARC

LEADER 00000cas a2200000 a 4500
001 vtls010301418
003 SK-MaSNL
005 20260228163222.0
008 110810d19511952xo sr|p 0 b0slo
040 |a SNK  |b slo  |c SNK  |e AACR2 
041 0 |a slo 
044 |a xo  |c SK 
072 7 |a 630  |x Lesníctvo  |2 konspekt 
072 7 |a 674  |x Drevo. Drevársky priemysel  |2 konspekt 
080 |a 674  |2 2001 
080 |a 630  |2 2001 
080 |a 050  |2 2001 
245 0 0 |a Karpatskonitrianske lesy  |b orgán závodnej rady ROH Čs. štátnych lesov n. p., kraj Bratislava - Nitra 
260 |a Bratislava  |b ZR ROH Krajský inspektorát ČSŠL  |c 1951-1952 
260 2 |3 2/1952-18/1952  |a Bratislava  |b ZR ROH Západoslovenského lesného priemyslu 
260 3 |3 19/1952-22/1952  |a Pezinok  |b ZR ROH Západoslovenského lesného priemyslu 
300 |a 2 zv.  |c 30 cm 
310 |a 2x mesačne 
362 0 |a Roč. I, č. 1 (15. aug. 1951)-roč. II, č. 22 (15. nov. 1952) 
500 |a Podnázov sa mení 
500 |a Vyd.: ZR ROH Krajský inspektorát ČSŠL; od 2/1952, ZR ROH Západoslov. lesného priemyslu 
500 |a Tlač.: Práca, zákl. záv. v Bratislave; od 19/1952, Západoslov. tlačiarne, záv. v Trenčíne 
500 |a Pokračovali pod názvom: Karpatský drevorubač 
650 0 7 |a lesníctvo  |2 SNKPH  |9 1255 
650 0 7 |a drevársky priemysel  |2 SNKPH  |9 1117 
655 7 |a podnikové periodiká  |2 SNKPH  |9 132333 
785 0 0 |t Karpatský drevorubač  |w vtls010301419 
910 |a snk 
916 |a 1951-1952 
958 |a OND 
999 |c 9042  |d 10972 
952 |0 0  |1 0  |4 0  |7 0  |a SNK  |b SNK  |d 2015-03-24  |f 1  |i snk416/52  |l 0  |o snkČSB 593/1/1951  |p 17A0713448  |r 2026-02-21 21:15:46  |t č. 1-8  |w 2026-02-21  |y PREZ 
952 |0 0  |1 0  |4 0  |7 0  |a SNK  |b SNK  |d 2015-03-24  |f 1  |i snk778/53  |l 0  |o snkČSB 593/2/1952  |p 17A0713431  |r 2026-02-21 21:15:46  |t č. 1-22  |w 2026-02-21  |y PREZ